| 000 | 00632nam a2200217Ia 4500 | ||
|---|---|---|---|
| 005 | 20250508170216.0 | ||
| 008 | 008 250505s9999 xx 000 0 eng d | ||
| 037 | _aTextBook | ||
| 040 |
_aFEDL _beng _cFEDL |
||
| 041 |
_aeng _2eng |
||
| 084 |
_a001.42, DEN/R _qFEDL |
||
| 100 | _aDenzin Norman K | ||
| 245 | 0 | _aCollecting and interpreting qualitative materials | |
| 250 | _a4 | ||
| 260 |
_aNew Delhi, India _bSage _c2013 |
||
| 300 | _axix, 630p. | ||
| 546 | _aPhotocopy and gifted by Prof. Salaja Chennat | ||
| 700 |
_a Lincoln Yvonna S _9783460 |
||
| 942 |
_cTB _h001.42, DEN/R |
||
| 999 |
_c1399795 _d1399795 |
||